000 00483nam a2200169Ia 4500
003 GCL
008 140319s9999 xx 000 0 ara d
040 _aGCL /
_cGCL
082 0 4 _a895.6
_bك ر
100 1 _aكواباتا , يامونازى
245 1 0 _aراقصة ايزو /
_cكواباتا , يامونازى
700 1 _aبسام حجار
490 _a
650 0 4 _aالادب اليابانى
650 0 4 _aالادب اليابانى المترجم
942 _2ddc
_cBK
999 _c40074
_d40074